China, Pakistan and Russia : (Record no. 142810)

MARC details
000 -LEADER
fixed length control field 00638nam a22001937a 4500
005 - DATE AND TIME OF LATEST TRANSACTION
control field 20170724165655.0
010 ## - LCCN (DPL NO)
LC control number ENG-119310
020 ## - INTERNATIONAL STANDARD BOOK NUMBER
International Standard Book Number 9788193340851
Terms of availability 950.00
035 ## - SYSTEM CONTROL NUMBER
System control number EN-102842
037 ## - SOURCE OF ACQUISITION
Source of stock number/acquisition DBAD/PUB
082 ## - DEWEY DECIMAL CLASSIFICATION NUMBER
Classification number 327.5105491
245 ## - TITLE STATEMENT
Title China, Pakistan and Russia :
Remainder of title a dangerous axis /
Statement of responsibility, etc edited by Arindhan Sahi
260 ## - PUBLICATION, DISTRIBUTION, ETC. (IMPRINT)
Place of publication, distribution, etc Gaziabad
Name of publisher, distributor, etc Kanhya Publisher
Date of publication, distribution, etc 2017
270 ## - ADDRESS
Address RTB 158 Royal Tower,Shipra Suncity
City Gaziabad (UP)
Postal code 201010
300 ## - PHYSICAL DESCRIPTION
Extent vii,288p.
Dimensions 23cm(pbk)
500 ## - GENERAL NOTE
General note Includes bibliographical references and index
700 ## - ADDED ENTRY--PERSONAL NAME
Personal name Sahi,Arindhan
942 ## - ADDED ENTRY ELEMENTS (KOHA)
Source of classification or shelving scheme Dewey Decimal Classification
Item type English Books
Classification part 327.5105491
Call number suffix CHI
Holdings
Withdrawn status Lost status Not for loan Collection code Home library Current library Date acquired Source of acquisition Cost, normal purchase price Full call number Barcode Copy number Cost, replacement price Koha item type
      Non-fiction Peshwa Road Peshwa Road 24/07/2017 DBAD/PUB 950.00 327.5105491 CHI EN-102842 1 950.00 English Books

© Delhi Public Library
Hit Counter
free hit counter